| 000 | 00544nam a2200169 a 4500 | ||
|---|---|---|---|
| 001 | 4078 | ||
| 005 | 20140414131902.0 | ||
| 008 | 081222s19uu xx 00 eng d | ||
| 020 | _a0-439-69896-0 | ||
| 050 |
_aFIC _bEv1 2004 |
||
| 100 | _aEvans, Douglas, 1953- | ||
| 245 |
_aThe elevator family / _cDouglas Evans. |
||
| 260 |
_aNew York : _bScholastic, _c2004. |
||
| 300 | _a87 p. ; 24 cm. | ||
| 520 | _aThe four members of the Wilson family decide to spend their holiday in one of the elevators at the San Francisco Hotel. | ||
| 999 |
_c110686 _d110686 |
||